[Event "EIWCC 2017"]
[Site "Riga"]
[Date "2017.04.19"]
[Round "8"]
[White "Mammadova, Narmin"]
[Black "Savina, Anastasia"]
[Result "1/2-1/2"]
[WhiteElo "2240"]
[BlackElo "2378"]
[Annotator "ChessBase"]
[PlyCount "137"]
[EventDate "2017.??.??"]
[EventType "swiss"]
[EventCountry "LAT"]
[SourceTitle "playchess.com"]
[Source "ChessBase"]
[SourceQuality "1"]
[TimeControl "40/5400+30:1800+30"]

1. e4 {[%emt 0:00:00]} e6 {[%emt 0:00:07]} 2. d4 {[%emt 0:00:00]} d5 {[%emt 0:00:05]} 3. Nd2 {[%emt 0:00:00]} c5 {[%emt 0:00:06]} 4. exd5 {[%emt 0:00:10]} exd5 {[%emt 0:00:04]} 5. Ngf3 {[%emt 0:00:15]} Nc6 {[%emt 0:00:16]} 6. Bb5 {[%emt 0:00:14]} cxd4 {[%emt 0:00:08]} 7. Nxd4 {[%emt 0:00:42]} Qe7+ {[%emt 0:00:11]} 8. Kf1 {[%emt 0:00:24]} Qc7 {[%emt 0:07:26]} 9. Qe2+ {[%emt 0:05:14]} Be7 {[%emt 0:00:19]} 10. N2f3 {[%emt 0:00:09]} Bd7 {[%emt 0:01:38]} 11. Bg5 {[%emt 0:00:12]} Nxd4 {[%emt 0:13:20]} 12. Nxd4 {[%emt 0:05:40]} Kf8 {[%emt 0:00:20]} 13. Bxe7+ {[%emt 0:03:36]} Nxe7 {[%emt 0:00:07]} 14. Bxd7 {[%emt 0:06:28]} Qxd7 {[%emt 0:00:05]} 15. Rd1 {[%emt 0:02:53]} h5 {[%emt 0:02:35]} 16. h4 {[%emt 0:01:08]} Nc6 {[%emt 0:13:28]} 17. Rh3 {[%emt 0:02:35]} Rh6 {[%emt 0:02:23]} 18. Re3 {[%emt 0:07:29]} Kg8 {[%emt 0:05:39]} 19. Kg1 {[%emt 0:10:32]} Rd8 {[%emt 0:14:43]} 20. c3 {[%emt 0:02:47]} a6 {[%emt 0:09:57]} 21. Nxc6 {[%emt 0:01:23]} bxc6 {[%emt 0:04:39]} 22. Qxa6 {[%emt 0:00:46]} Re6 {[%emt 0:00:56]} 23. Rxe6 {[%emt 0:11:15]} Qxe6 {[%emt 0:00:10]} 24. a4 {[%emt 0:01:45]} Re8 {[%emt 0:02:18]} 25. a5 {[%emt 0:07:28]} Qg6 {[%emt 0:02:17]} 26. Ra1 {[%emt 0:05:53]} Rb8 {[%emt 0:07:55]} 27. Qe2 {[%emt 0:01:37]} c5 {[%emt 0:01:59]} 28. Qd2 {[%emt 0:13:35]} Qc6 {[%emt 0:02:21]} 29. b4 {[%emt 0:01:33]} g6 {[%emt 0:05:15]} 30. bxc5 {[%emt 0:05:37]} Qxc5 {[%emt 0:01:43]} 31. a6 {[%emt 0:00:05]} Ra8 {[%emt 0:00:16]} 32. Qd4 {[%emt 0:03:00]} Qb5 {[%emt 0:01:55]} 33. a7 {[%emt 0:00:20]} Qb2 {[%emt 0:00:32]} 34. Ra5 {[%emt 0:01:14]} Kh7 {[%emt 0:00:32]} 35. g3 {[%emt 0:00:42]} Qb7 {[%emt 0:00:52]} 36. Kh2 {[%emt 0:00:30]} f6 {[%emt 0:00:12]} 37. Ra1 {[%emt 0:00:39]} Kg7 {[%emt 0:01:07]} 38. Ra5 {[%emt 0:00:35]} Kh7 {[%emt 0:00:21]} 39. Ra2 {[%emt 0:00:33]} Kg7 {[%emt 0:00:25]} 40. Qc5 {[%emt 0:00:00]} Kh7 {[%emt 0:00:49]} 41. Qe3 {[%emt 0:20:42]} Kg7 {[%emt 0:01:04]} 42. Ra5 {[%emt 0:01:01]} Kh7 {[%emt 0:02:48]} 43. Qd4 {[%emt 0:00:24]} f5 {[%emt 0:12:03]} 44. Ra2 {[%emt 0:03:57]} f4 {[%emt 0:10:28]} 45. gxf4 {[%emt 0:00:44]} Qc7 {[%emt 0:00:38]} 46. Kg2 {[%emt 0:02:25]} Qd7 {[%emt 0:00:39]} 47. f3 {[%emt 0:00:31]} Qe7 {[%emt 0:00:18]} 48. Qxd5 {[%emt 0:02:20]} Rxa7 {[%emt 0:00:08]} 49. Rxa7 {[%emt 0:00:03]} Qxa7 {[%emt 0:00:05]} 50. f5 {[%emt 0:00:43]} gxf5 {[%emt 0:02:50]} 51. Qxf5+ {[%emt 0:00:13]} Kg7 {[%emt 0:00:08]} 52. Qe5+ {[%emt 0:01:42]} Kg8 {[%emt 0:00:32]} 53. Qxh5 {[%emt 0:01:44]} Qa3 {[%emt 0:01:17]} 54. Qg6+ {[%emt 0:00:23]} Kh8 {[%emt 0:00:22]} 55. Qf6+ {[%emt 0:00:06]} Kh7 {[%emt 0:00:16]} 56. h5 {[%emt 0:00:41]} Qb2+ {[%emt 0:00:11]} 57. Kg3 {[%emt 0:00:34]} Qb8+ {[%emt 0:00:12]} 58. Kg4 {[%emt 0:00:33]} Qh2 {[%emt 0:00:34]} 59. Qf5+ {[%emt 0:00:54]} Kh8 {[%emt 0:00:12]} 60. Qf4 {[%emt 0:00:48]} Qb2 {[%emt 0:01:33]} 61. Kf5 {[%emt 0:00:32]} Kh7 {[%emt 0:02:03]} 62. Qc7+ {[%emt 0:00:11]} Kh6 {[%emt 0:00:11]} 63. Qc6+ {[%emt 0:00:30]} Kh7 {[%emt 0:00:28]} 64. h6 {[%emt 0:00:45]} Qc2+ {[%emt 0:01:56]} 65. Qe4 {[%emt 0:00:32]} Qg2 {[%emt 0:00:24]} 66. Kf6+ {[%emt 0:00:25]} Kh8 {[%emt 0:00:10]} 67. Qe5 {[%emt 0:00:36]} Kh7 {[%emt 0:00:28]} 68. Qc7+ {[%emt 0:00:28]} Kxh6 {[%emt 0:00:56]} 69. Qf4+ {[%emt 0:00:06]} 1/2-1/2

[Event "EIWCC 2017"]
[Site "Riga"]
[Date "2017.04.19"]
[Round "8"]
[White "Kantane, Anna"]
[Black "Yildiz, Betul Cemre"]
[Result "0-1"]
[WhiteElo "2230"]
[BlackElo "2367"]
[Annotator "NA"]
[PlyCount "82"]
[EventDate "2017.??.??"]
[EventType "swiss"]
[EventCountry "LAT"]
[SourceTitle "playchess.com"]
[Source "ChessBase"]
[SourceQuality "1"]

1. e4 e5 2. Nf3 Nc6 3. Bb5 a6 4. Ba4 Nf6 5. O-O Be7 6. Re1 b5 7. Bb3 d6 8. c3 O-O 9. h3 Nb8 10. d4 Nbd7 11. Nbd2 Bb7 12. a4 h6 13. Bc2 Re8 14. Nf1 Bf8 15. Ng3 g6 16. Bd3 c6 17. Bd2 Bg7 18. Qc1 Kh7 19. Ra3 Nb6 20. a5 Nbd7 21. dxe5 dxe5 22. c4 Bf8 23. b4 c5 24. Qb1 Bc6 25. Rc1 Rb8 26. cxb5 Bxb5 27. bxc5 Nxc5 28. Bxb5 Rxb5 29. Qa2 Re6 30. Re3 Nd3 31. Rc3 Nb4 32. Qc4 Qxa5 33. Rb3 Qb6 34. Bc3 Nc6 35. Rxb5 axb5 36. Qa2 b4 37. Bxe5 Nxe5 38. Nxe5 Rxe5 39. Qxf7+ Bg7 40. Nf5 gxf5 41. Rg3 Ne8 0-1

[Event "EIWCC 2017"]
[Site "Riga"]
[Date "2017.04.19"]
[Round "8"]
[White "Balaian, Alina"]
[Black "Gundogan, Sinem Cagla"]
[Result "1-0"]
[WhiteElo "2229"]
[BlackElo "1885"]
[Annotator "NA"]
[PlyCount "75"]
[EventDate "2017.??.??"]
[EventType "swiss"]
[EventCountry "LAT"]
[SourceTitle "playchess.com"]
[Source "ChessBase"]
[SourceQuality "1"]

1. e4 e5 2. f4 exf4 3. Nf3 Nf6 4. e5 Qe7 5. Nc3 d6 6. d4 Nc6 7. Qe2 dxe5 8. dxe5 Nh5 9. Nd5 Qd8 10. Qe4 Be6 11. Nxf4 Nxf4 12. Bxf4 Qd5 13. Qxd5 Bxd5 14. c3 O-O-O 15. b4 Re8 16. O-O-O Bxa2 17. Kb2 Be6 18. Ng5 Bg4 19. Ra1 f6 20. exf6 gxf6 21. Nf7 Rg8 22. b5 Ne5 23. Nxe5 fxe5 24. Be3 Be6 25. g3 Bd6 26. Rxa7 Bd5 27. Bh3+ Kd8 28. Rd1 Bf3 29. Rf1 Bd5 30. b6 Ke7 31. c4 Bxc4 32. Rc1 Be6 33. Bg2 cxb6 34. Rxb7+ Kf6 35. Rf1+ Kg6 36. Be4+ Kh5 37. Rxh7+ Kg4 38. Rh4# 1-0

[Event "EIWCC 2017"]
[Site "Riga"]
[Date "2017.04.19"]
[Round "8"]
[White "Stetsko, Lanita"]
[Black "Doluhanova, Evgeniya"]
[Result "0-1"]
[WhiteElo "2226"]
[BlackElo "2287"]
[Annotator "NA"]
[PlyCount "103"]
[EventDate "2017.??.??"]
[EventType "swiss"]
[EventCountry "LAT"]
[SourceTitle "playchess.com"]
[Source "ChessBase"]
[SourceQuality "1"]

1. e4 c5 2. Nf3 d6 3. d4 cxd4 4. Nxd4 Nf6 5. Nc3 g6 6. Be3 Bg7 7. Bc4 Nc6 8. f3 O-O 9. Bb3 Nxd4 10. Bxd4 Be6 11. Qd2 Qa5 12. O-O Qh5 13. Rad1 Bxb3 14. axb3 Rfd8 15. Qf2 b6 16. Rfe1 Ne8 17. Nd5 Rd7 18. Be3 g5 19. c4 e6 20. Nc3 f5 21. exf5 exf5 22. Bd4 Qg6 23. Nd5 Kh8 24. f4 g4 25. g3 Rad8 26. Qc2 Bxd4+ 27. Rxd4 Ng7 28. Rd3 h5 29. Rde3 Rf7 30. Qc3 Kh7 31. R1e2 Rdd7 32. b4 Rd8 33. b5 Rdd7 34. b3 Qh6 35. Qe1 Qg6 36. Qc3 Qh6 37. Kf2 h4 38. Kg1 h3 39. Kf2 Qg6 40. Qe1 Qh6 41. b4 Qg6 42. Re7 Rdxe7 43. Rxe7 Nh5 44. Qe6 Rg7 45. Qxg6+ Kxg6 46. Re6+ Kh7 47. Rxd6 Rg8 48. c5 bxc5 49. bxc5 Rb8 50. Nc3 a5 51. b6 a4 52. Nxa4 0-1

[Event "EIWCC 2017"]
[Site "Riga"]
[Date "2017.04.19"]
[Round "8"]
[White "Lickrastina, Agnese"]
[Black "Mammadzada, Gunay"]
[Result "0-1"]
[WhiteElo "2223"]
[BlackElo "2348"]
[Annotator "ChessBase"]
[PlyCount "77"]
[EventDate "2017.??.??"]
[EventType "swiss"]
[EventCountry "LAT"]
[SourceTitle "playchess.com"]
[Source "ChessBase"]
[SourceQuality "1"]

1. e4 c5 2. Nf3 d6 3. d4 cxd4 4. Nxd4 Nf6 5. Nc3 a6 6. Be3 e5 7. Nf3 Qc7 8. a4 Be6 9. Be2 h6 10. h3 Qc6 11. Nd2 Nbd7 12. O-O Be7 13. Bf3 O-O 14. a5 b5 15. axb6 Nxb6 16. Be2 Qb7 17. b3 Rfc8 18. Na4 Nxa4 19. Rxa4 d5 20. exd5 Bxd5 21. Bf3 e4 22. Be2 Bc6 23. Ra2 Nd5 24. Bd4 Bb4 25. Nc4 Rd8 26. Qa1 Nf4 27. c3 Be7 28. Na5 Qc7 29. Nxc6 Qxc6 30. Be5 Nxe2+ 31. Rxe2 f5 32. c4 Bf8 33. Rd1 Rd3 34. Re3 Rad8 35. Rexd3 exd3 36. Qc3 Qe4 37. c5 Rd5 38. Bd6 Qe2 39. Be5 0-1

[Event "EIWCC 2017"]
[Site "Riga"]
[Date "2017.04.19"]
[Round "8"]
[White "Zherebtsova, Alexandra"]
[Black "Brunello, Marina"]
[Result "0-1"]
[WhiteElo "2222"]
[BlackElo "2354"]
[Annotator "NA"]
[PlyCount "70"]
[EventDate "2017.??.??"]
[EventType "swiss"]
[EventCountry "LAT"]
[SourceTitle "playchess.com"]
[Source "ChessBase"]
[SourceQuality "1"]

1. d4 d5 2. c4 c6 3. Nc3 Nf6 4. Nf3 e6 5. e3 Nbd7 6. Qc2 Bd6 7. Bd2 Qe7 8. h3 h6 9. O-O-O dxc4 10. Bxc4 b5 11. Bd3 b4 12. Na4 Bb7 13. e4 e5 14. dxe5 Nxe5 15. Nxe5 Bxe5 16. Be3 Rd8 17. Bc5 Qc7 18. Bxb4 Bd4 19. Nc5 O-O 20. Nxb7 Qxb7 21. Bxf8 Kxf8 22. Rhe1 Rb8 23. Re2 c5 24. Bc4 Nd7 25. Bd5 Qa6 26. Qd3 Qa5 27. Rc2 Ne5 28. Qd2 Qa6 29. f4 Nd7 30. Bb3 Rxb3 31. Kb1 Rb8 32. e5 Nb6 33. Qc1 Kg8 34. b3 Nd5 35. Re1 Nb4 0-1

[Event "EIWCC 2017"]
[Site "Riga"]
[Date "2017.04.19"]
[Round "8"]
[White "Semenova, Elena"]
[Black "Gvetadze, Sofio"]
[Result "1/2-1/2"]
[WhiteElo "2212"]
[BlackElo "2292"]
[Annotator "ChessBase"]
[PlyCount "111"]
[EventDate "2017.??.??"]
[EventType "swiss"]
[EventCountry "LAT"]
[SourceTitle "playchess.com"]
[Source "ChessBase"]
[SourceQuality "1"]

1. e4 c5 2. Nf3 d6 3. d4 cxd4 4. Nxd4 Nf6 5. Nc3 a6 6. g3 g6 7. Bg2 Bg7 8. O-O O-O 9. h3 Nbd7 10. a4 Ne5 11. b3 Bd7 12. Bb2 Nc6 13. Nce2 Qc8 14. Kh2 Rd8 15. c4 Nxd4 16. Bxd4 Bc6 17. Nc3 e6 18. Rc1 Qd7 19. Bb6 Rf8 20. Qd2 Ne8 21. f4 f5 22. exf5 gxf5 23. Rfd1 Bxg2 24. Qxg2 Rc8 25. Bd4 Qc6 26. Bxg7 Qxg2+ 27. Kxg2 Kxg7 28. Ne2 Kf6 29. g4 fxg4 30. hxg4 Ke7 31. Rh1 Rf7 32. Rce1 Nc7 33. Kg3 a5 34. Nd4 Kd7 35. Rh6 Rcf8 36. Nxe6 Nxe6 37. Rexe6 Rxf4 38. Rxd6+ Kc7 39. Rd3 R8f7 40. Rh5 b6 41. c5 Rb4 42. cxb6+ Kxb6 43. Rd6+ Kc7 44. Ra6 Rxb3+ 45. Kh4 Rb7 46. Raxa5 Kd7 47. Ra6 Ke7 48. a5 Kf8 49. Rf5 Kg7 50. Rb6 Ra7 51. Rxf7+ Kxf7 52. a6 Ra8 53. Kg5 Kf8 54. Kf6 Kg8 55. a7 Rf8+ 56. Kg5 1/2-1/2

[Event "EIWCC 2017"]
[Site "Riga"]
[Date "2017.04.19"]
[Round "8"]
[White "Pavlidou, Ekaterini"]
[Black "Sinitsina, Anastassia"]
[Result "0-1"]
[WhiteElo "2180"]
[BlackElo "2052"]
[Annotator "NA"]
[PlyCount "114"]
[EventDate "2017.??.??"]
[EventType "swiss"]
[EventCountry "LAT"]
[SourceTitle "playchess.com"]
[Source "ChessBase"]
[SourceQuality "1"]

1. c4 c5 2. Nc3 Nf6 3. g3 d5 4. cxd5 Nxd5 5. Bg2 Nc7 6. e3 g6 7. Nge2 Bg7 8. d4 cxd4 9. exd4 O-O 10. O-O Nd7 11. Bf4 Nb6 12. Rc1 Ncd5 13. Be5 Bh6 14. Nxd5 Nxd5 15. Rc5 Be6 16. Nc3 Nxc3 17. Rxc3 Bd5 18. Qa4 Bxg2 19. Kxg2 Bg7 20. Qb3 b6 21. Bxg7 Kxg7 22. d5 Rc8 23. Re1 Qd7 24. Rce3 Rfe8 25. Qd3 Qd6 26. Qd4+ Kg8 27. Qe5 Qxe5 28. Rxe5 Kf8 29. R1e2 Rc5 30. b4 Rb5 31. a3 f6 32. R5e3 Rxd5 33. Rc2 Rd7 34. Rc6 Red8 35. Rce6 Kf7 36. h4 Rc8 37. f4 Rc2+ 38. Kf3 Rcd2 39. g4 R2d6 40. f5 gxf5 41. gxf5 Rd5 42. Kf4 Rd4+ 43. Kg3 h5 44. Rc6 Rg4+ 45. Kf3 Rxh4 46. Rc8 Rh3+ 47. Ke4 Rxe3+ 48. Kxe3 Rd5 49. Ke4 Re5+ 50. Kf4 a5 51. bxa5 Rxa5 52. Rc3 Ra4+ 53. Kg3 Kg7 54. Re3 Kh6 55. Rxe7 Rxa3+ 56. Kf4 Ra4+ 57. Kg3 Kg5 0-1

[Event "EIWCC 2017"]
[Site "Riga"]
[Date "2017.04.19"]
[Round "8"]
[White "Erneste, Inguna"]
[Black "Otikova, Elina"]
[Result "0-1"]
[WhiteElo "2168"]
[BlackElo "2049"]
[Annotator "ChessBase"]
[PlyCount "210"]
[EventDate "2017.??.??"]
[EventType "swiss"]
[EventCountry "LAT"]
[SourceTitle "playchess.com"]
[Source "ChessBase"]
[SourceQuality "1"]

1. e4 c5 2. Nc3 e6 3. Nf3 d5 4. exd5 exd5 5. Bb5+ Nc6 6. O-O Nf6 7. d4 a6 8. Re1+ Be7 9. Bxc6+ bxc6 10. Ne5 Qc7 11. Bf4 Qb7 12. dxc5 O-O 13. b4 Re8 14. Rb1 Bf5 15. Ne2 Ne4 16. f3 Nf6 17. Nd4 Bd7 18. Qd3 Nh5 19. Bd2 g6 20. c4 Bf6 21. f4 dxc4 22. Qxc4 Be6 23. Nxe6 Rxe6 24. Ng4 Rxe1+ 25. Rxe1 Bg7 26. Bc3 Qb5 27. Qb3 Qd3 28. Bxg7 Qxb3 29. axb3 Kxg7 30. Ne5 Nxf4 31. Nxc6 Rc8 32. Ne5 Nd5 33. Nd3 Kf6 34. Ra1 Nc7 35. c6 Rd8 36. Nc5 Ra8 37. Nxa6 Nxa6 38. b5 Nc7 39. Rf1+ Ke7 40. b6 Ra6 41. b7 Rb6 42. Rd1 Ke6 43. Rd8 Rxb3 44. b8=Q Rxb8 45. Rxb8 Kd6 46. Rf8 f5 47. Rf7 Kxc6 48. Rxh7 Ne6 49. Rf7 Nf4 50. Rf6+ Kd5 51. g4 Nh3+ 52. Kg2 Ke5 53. Ra6 fxg4 54. Kg3 Kf5 55. Ra5+ Kf6 56. Kxg4 Nf2+ 57. Kf3 Nd3 58. Rd5 Ne5+ 59. Kf4 Nf7 60. h3 Kg7 61. Ra5 Kf6 62. Ra6+ Kg7 63. Rb6 Kh6 64. h4 Kg7 65. Ke4 Kh6 66. Rf6 Kg7 67. Ra6 Kh6 68. Kd5 Kh5 69. Ke6 Nh6 70. Kf6 Nf5 71. Ra5 Kh6 72. Ra8 Kh5 73. Rh8+ Kg4 74. Kxg6 Nxh4+ 75. Kf6 Nf3 76. Ra8 Kf4 77. Ra3 Ke4 78. Ra4+ Nd4 79. Ra5 Nf3 80. Rh5 Kf4 81. Ke6 Ke4 82. Ra5 Nd4+ 83. Kd6 Nf5+ 84. Kc5 Ke5 85. Ra1 Ke4 86. Ra8 Ne3 87. Re8+ Kd3 88. Re7 Nf5 89. Rf7 Ne3 90. Rf4 Nc2 91. Ra4 Ne3 92. Rb4 Ke2 93. Rb3 Kf2 94. Kd4 Nf5+ 95. Ke5 Ng3 96. Kf4 Ne2+ 97. Kg4 Nd4 98. Rd3 Ne2 99. Rf3+ Ke1 100. Ra3 Kd2 101. Kf3 Nc3 102. Ra5 Kd3 103. Ra8 Kd4 104. Rd8+ Nd5 105. Ra8 Nc3 0-1

[Event "EIWCC 2017"]
[Site "Riga"]
[Date "2017.04.19"]
[Round "8"]
[White "Sazonova, Anastasia"]
[Black "Babiy, Olga"]
[Result "0-1"]
[WhiteElo "2143"]
[BlackElo "2359"]
[Annotator "NA"]
[PlyCount "126"]
[EventDate "2017.??.??"]
[EventType "swiss"]
[EventCountry "LAT"]
[SourceTitle "playchess.com"]
[Source "ChessBase"]
[SourceQuality "1"]

1. Nf3 c5 2. c4 Nf6 3. Nc3 Nc6 4. g3 d5 5. cxd5 Nxd5 6. Bg2 Nc7 7. d3 e5 8. Be3 Be7 9. Rc1 f6 10. O-O Bd7 11. Nd2 Rb8 12. f4 O-O 13. Nd5 Nxd5 14. Bxd5+ Kh8 15. f5 Nd4 16. Be4 b5 17. Nb3 Qb6 18. Qd2 Rfd8 19. Nxd4 exd4 20. Bf4 Rbc8 21. e3 dxe3 22. Bxe3 Bc6 23. Qf2 Bxe4 24. dxe4 Qc6 25. Qc2 c4 26. Rfd1 a5 27. Kg2 Kg8 28. Kf3 g6 29. g4 Kf7 30. Rxd8 Rxd8 31. a4 Rc8 32. axb5 Qxb5 33. Bd4 a4 34. Bc3 Rd8 35. Rd1 Qb3 36. Qxb3 cxb3 37. Rxd8 Bxd8 38. Ke2 Be7 39. Kd3 gxf5 40. gxf5 a3 41. bxa3 Bxa3 42. Bd4 Bd6 43. h3 Bf4 44. Kc3 Bh2 45. Kxb3 Bf4 46. Kc4 Bh2 47. Kd3 Bf4 48. Ke2 Bc1 49. Kf3 Ba3 50. Kg4 Bc1 51. Bc5 Bd2 52. Bd6 Bc1 53. Bf4 Ba3 54. Kh5 Bf8 55. Bd2 Be7 56. Kh6 Kg8 57. h4 Bf8+ 58. Kh5 Kf7 59. Bf4 Ba3 60. Bd2 Bf8 61. Bg5 fxg5 62. hxg5 Bg7 63. f6 Bxf6 0-1

[Event "EIWCC 2017"]
[Site "Riga"]
[Date "2017.04.19"]
[Round "8"]
[White "Tsiganova, Monika"]
[Black "Sedina, Elena"]
[Result "0-1"]
[WhiteElo "2111"]
[BlackElo "2253"]
[Annotator "ChessBase"]
[PlyCount "143"]
[EventDate "2017.??.??"]
[EventType "swiss"]
[EventCountry "LAT"]
[SourceTitle "playchess.com"]
[Source "ChessBase"]
[SourceQuality "1"]

1. e4 d6 2. d4 Nf6 3. Nd2 g6 4. Ngf3 Bg7 5. Be2 O-O 6. O-O Nc6 7. c3 e5 8. dxe5 dxe5 9. Qc2 Nh5 10. Rd1 Nf4 11. Nc4 Qf6 12. Ne3 Ne7 13. b3 Be6 14. Ba3 Nxe2+ 15. Qxe2 Rfe8 16. Rd2 Qf4 17. Bxe7 Rxe7 18. Nd5 Bxd5 19. Rxd5 c6 20. Rd6 Bf8 21. Rad1 Rae8 22. h3 Rc7 23. R6d2 b5 24. g3 Qf6 25. Qe3 Qe7 26. Kg2 Qc5 27. Qxc5 Bxc5 28. Rd8 Rce7 29. b4 Bb6 30. Rxe8+ Rxe8 31. Rd6 Kg7 32. Rxc6 Rd8 33. c4 bxc4 34. Rxc4 Rd1 35. a4 Kf6 36. a5 Bd4 37. b5 Rb1 38. Nxd4 exd4 39. Rxd4 Rxb5 40. Rd6+ Ke5 41. Rd7 Rxa5 42. Rxf7 h5 43. Re7+ Kf6 44. Rc7 Ke5 45. Rc6 g5 46. Rh6 Kxe4 47. Rxh5 Kf5 48. h4 Kg6 49. g4 Rb5 50. f3 Rb2+ 51. Kg3 gxh4+ 52. Rxh4 Rb8 53. Rh5 a6 54. Ra5 Rb6 55. f4 Rc6 56. Kh4 Rb6 57. f5+ Kg7 58. Kg5 Kf7 59. Rc5 Rb7 60. Rc6 Ra7 61. Rh6 Kg8 62. f6 a5 63. Kg6 a4 64. Rh2 a3 65. Rc2 Ra8 66. Ra2 Ra6 67. g5 Ra4 68. Rc2 Ra8 69. Ra2 Ra4 70. Rh2 Ra6 71. Rd2 Ra8 72. Ra2 0-1

[Event "EIWCC 2017"]
[Site "Riga"]
[Date "2017.04.19"]
[Round "8"]
[White "Olde, Margareth"]
[Black "Fuchs, Judith"]
[Result "1/2-1/2"]
[WhiteElo "2110"]
[BlackElo "2274"]
[Annotator "NA"]
[PlyCount "48"]
[EventDate "2017.??.??"]
[EventType "swiss"]
[EventCountry "LAT"]
[SourceTitle "playchess.com"]
[Source "ChessBase"]
[SourceQuality "1"]

1. e4 c5 2. Nf3 e6 3. d4 cxd4 4. Nxd4 Nc6 5. Nc3 Qc7 6. f4 a6 7. Nxc6 bxc6 8. Bd3 d5 9. O-O Nf6 10. Qe2 Be7 11. Kh1 O-O 12. b3 Bb7 13. Bb2 c5 14. f5 d4 15. Nd1 Qe5 16. Bc1 Bxe4 17. fxe6 Qxe6 18. Rxf6 Bxf6 19. Qxe4 Qxe4 20. Bxe4 Rae8 21. Nf2 d3 22. c3 Bxc3 23. Rb1 d2 24. Ba3 Bd4 1/2-1/2

[Event "EIWCC 2017"]
[Site "Riga"]
[Date "2017.04.19"]
[Round "8"]
[White "Caglar, Sila"]
[Black "Limanovska, Elizabete"]
[Result "1-0"]
[WhiteElo "2093"]
[BlackElo "1990"]
[Annotator "NA"]
[PlyCount "114"]
[EventDate "2017.??.??"]
[EventType "swiss"]
[EventCountry "LAT"]
[SourceTitle "playchess.com"]
[Source "ChessBase"]
[SourceQuality "1"]

1. d4 Nf6 2. c4 e6 3. Nf3 c5 4. d5 exd5 5. cxd5 g6 6. Nc3 d6 7. Nd2 Bg7 8. Nc4 O-O 9. Bf4 b6 10. a4 Na6 11. g3 Nb4 12. Bg2 Ba6 13. Nb5 Bxb5 14. axb5 Qd7 15. O-O Qxb5 16. Nxd6 Qd7 17. e4 Nh5 18. e5 Nxf4 19. gxf4 Bh6 20. Qf3 f6 21. Bh3 Qe7 22. Qg3 Kh8 23. Qh4 Bxf4 24. Qxf4 fxe5 25. Nc8 Raxc8 26. Qe4 Rcd8 27. Be6 Qg5+ 28. Qg2 Qxg2+ 29. Kxg2 Nxd5 30. Bxd5 Rxd5 31. Rxa7 Rd2 32. b3 e4 33. Re7 Rb2 34. Kg1 Kg8 35. Rxe4 Rxb3 36. Rd1 Rbf3 37. Rb1 R3f6 38. Re7 R8f7 39. Re8+ Kg7 40. Rb2 Rd7 41. Rb8 Rdd6 42. Rb7+ Kh6 43. Rb3 Rf5 44. R7xb6 Rxb6 45. Rxb6 Kg5 46. Rb7 h5 47. Rc7 Kf4 48. Kf1 g5 49. Kg2 Ke4 50. f3+ Kd4 51. Kg3 c4 52. Rd7+ Rd5 53. Rc7 c3 54. Kf2 Kd3 55. Ke1 c2 56. Rc8 Rd4 57. Rc5 Ra4 1-0

[Event "EIWCC 2017"]
[Site "Riga"]
[Date "2017.04.19"]
[Round "8"]
[White "Hapala, Elisabeth"]
[Black "Narva, Mai"]
[Result "0-1"]
[WhiteElo "2091"]
[BlackElo "2249"]
[Annotator "NA"]
[PlyCount "70"]
[EventDate "2017.??.??"]
[EventType "swiss"]
[EventCountry "LAT"]
[SourceTitle "playchess.com"]
[Source "ChessBase"]
[SourceQuality "1"]

1. e4 c5 2. Nf3 d6 3. d4 cxd4 4. Nxd4 Nf6 5. Nc3 Nc6 6. Bg5 e6 7. Qd2 a6 8. O-O-O Bd7 9. f3 Be7 10. Be3 O-O 11. g4 Nxd4 12. Qxd4 Bc6 13. Kb1 b5 14. h4 Nd7 15. g5 b4 16. Ne2 d5 17. e5 Qc7 18. Bf4 Bc5 19. Qd2 Nxe5 20. Nd4 Bd7 21. h5 Bd6 22. Qh2 Nc4 23. Bxd6 Qxd6 24. Bxc4 Qxh2 25. Rxh2 dxc4 26. Nf5 Bb5 27. Nd6 Rfd8 28. Rhd2 c3 29. Rf2 Rd7 30. a4 Bxa4 31. bxc3 bxc3 32. Rd3 Rad8 33. Nc4 Rxd3 34. cxd3 Rxd3 35. Na3 Rd1+ 0-1

[Event "EIWCC 2017"]
[Site "Riga"]
[Date "2017.04.19"]
[Round "8"]
[White "Baptista, Ana Filipa"]
[Black "Travkina, Anastasia"]
[Result "0-1"]
[WhiteElo "2071"]
[BlackElo "2287"]
[Annotator "NA"]
[PlyCount "58"]
[EventDate "2017.??.??"]
[EventType "swiss"]
[EventCountry "LAT"]
[SourceTitle "playchess.com"]
[Source "ChessBase"]
[SourceQuality "1"]

1. e4 c5 2. Nf3 d6 3. Bb5+ Bd7 4. Bxd7+ Qxd7 5. Qe2 Nc6 6. c3 Nf6 7. d4 cxd4 8. cxd4 e6 9. Nc3 Be7 10. O-O O-O 11. Bg5 h6 12. d5 hxg5 13. dxc6 bxc6 14. Nxg5 e5 15. f4 Qg4 16. Rf3 Nh5 17. Nh3 Nxf4 18. Qf1 Nxh3+ 19. Rxh3 Qe6 20. Qf3 f5 21. Qh5 f4 22. Rf1 Qf6 23. g3 Qg5 24. Qh7+ Kf7 25. Rh5 Qg4 26. Kh1 Rh8 27. Qf5+ Qxf5 28. Rxf5+ Ke6 29. gxf4 g6 0-1

[Event "EIWCC 2017"]
[Site "Riga"]
[Date "2017.04.19"]
[Round "8"]
[White "Beydullayeva, Govhar"]
[Black "Paramzina, Anastasya"]
[Result "1/2-1/2"]
[WhiteElo "2054"]
[BlackElo "2202"]
[Annotator "NA"]
[PlyCount "101"]
[EventDate "2017.??.??"]
[EventType "swiss"]
[EventCountry "LAT"]
[SourceTitle "playchess.com"]
[Source "ChessBase"]
[SourceQuality "1"]

1. c4 e6 2. g3 d5 3. Bg2 dxc4 4. Qa4+ Nd7 5. Qxc4 a6 6. Qb3 Rb8 7. a4 b6 8. d3 Bd6 9. Nc3 c5 10. Nf3 Bb7 11. O-O Ngf6 12. Ng5 Bxg2 13. Kxg2 h6 14. Nge4 Bc7 15. Bd2 O-O 16. Nxf6+ Nxf6 17. Qc4 Qd7 18. Qxa6 Rfd8 19. Qb5 Qc8 20. Rfd1 Qb7+ 21. f3 Kh7 22. Be3 Ne8 23. Qb3 Be5 24. Nb5 Rd5 25. Bf2 g5 26. d4 cxd4 27. Bxd4 Bxd4 28. Rxd4 Rxd4 29. Nxd4 Rd8 30. Qc2+ Kg8 31. Nc6 Rd5 32. Nb4 Rd4 33. Nc6 Rd6 34. Rc1 Nf6 35. Nb4 Kg7 36. Rd1 Rxd1 37. Qxd1 g4 38. Qd4 gxf3+ 39. exf3 Qc7 40. Qc3 Qd7 41. Qc2 e5 42. b3 Qe6 43. Qc4 Qf5 44. Nd3 Qg5 45. Nf2 Qd2 46. Qd3 Qb2 47. h3 Qc1 48. Qb5 Qe3 49. Qd3 Qc1 50. Qc4 Qd2 51. Qd3 1/2-1/2

[Event "EIWCC 2017"]
[Site "Riga"]
[Date "2017.04.19"]
[Round "8"]
[White "Grapsa, Georgia"]
[Black "Balajayeva, Khanim"]
[Result "0-1"]
[WhiteElo "2049"]
[BlackElo "2196"]
[Annotator "NA"]
[PlyCount "58"]
[EventDate "2017.??.??"]
[EventType "swiss"]
[EventCountry "LAT"]
[SourceTitle "playchess.com"]
[Source "ChessBase"]
[SourceQuality "1"]

1. d4 d5 2. Nf3 c5 3. c4 dxc4 4. Qa4+ Bd7 5. Qxc4 cxd4 6. Nxd4 e5 7. Nf3 Nc6 8. Bg5 Qb6 9. Nc3 Be6 10. Qb5 Qxb5 11. Nxb5 Rc8 12. Rc1 f6 13. Bd2 Bxa2 14. Nxa7 Nxa7 15. Ra1 Bd5 16. Rxa7 Bc5 17. Ra5 b6 18. Ra7 e4 19. b4 exf3 20. e4 Bxe4 21. Bb5+ Kf8 22. bxc5 fxg2 23. Rg1 Ne7 24. cxb6 Nc6 25. Rd7 Ne5 26. Bb4+ Kg8 27. Ba4 h5 28. Rc7 Nf3+ 29. Kd1 Rd8+ 0-1

[Event "EIWCC 2017"]
[Site "Riga"]
[Date "2017.04.20"]
[Round "9"]
[White "Muzychuk, Anna"]
[Black "Bulmaga, Irina"]
[Result "1/2-1/2"]
[WhiteElo "2587"]
[BlackElo "2394"]
[Annotator "TA"]
[PlyCount "117"]
[EventDate "2017.??.??"]
[EventType "swiss"]
[EventCountry "LAT"]
[SourceTitle "playchess.com"]
[Source "ChessBase"]
[SourceQuality "1"]

1. e4 Nf6 2. e5 Nd5 3. d4 d6 4. Nf3 Bg4 5. Be2 c6 6. c4 Nb6 7. exd6 Bxf3 8. Bxf3 Nxc4 9. dxe7 Bxe7 10. O-O O-O 11. Qb3 Nb6 12. Be3 N8d7 13. a4 a5 14. Nc3 Nf6 15. d5 Nbxd5 16. Rfd1 Bb4 17. Nxd5 Nxd5 18. Bxd5 cxd5 19. Rxd5 Qe7 20. Rad1 Qe6 21. Qd3 Qc6 22. Rb5 Rac8 23. h3 h6 24. Qd7 Qf6 25. Qg4 Rfd8 26. Rxb7 Rxd1+ 27. Qxd1 Qxb2 28. Bxh6 Qc3 29. Be3 Qc2 30. Qd7 Qc4 31. g3 Bc3 32. Kh2 Qe6 33. Qxe6 fxe6 34. Bb6 Rc4 35. Rc7 Rxc7 36. Bxc7 Kf7 37. f4 g6 38. Be5 Be1 39. Kg2 Ke7 40. g4 Kd7 41. Kf1 Bh4 42. Bc3 Bd8 43. Kg2 Kd6 44. Kg3 Kd5 45. h4 Ke4 46. Bg7 Bc7 47. Bh6 Bd6 48. Bg5 Bc7 49. h5 gxh5 50. gxh5 Kf5 51. Kh4 Bb6 52. h6 Kg6 53. Kg4 Bc7 54. Kh4 Bd6 55. Kh3 Bf8 56. Kg4 Bxh6 57. Bd8 Kf7 58. Bxa5 Ke7 59. Bc3 1/2-1/2